| 000 | 01004nam a22002537a 4500 | ||
|---|---|---|---|
| 005 | 20170124103024.0 | ||
| 010 | _aA-698403 | ||
| 020 |
_c85.00 _a8170553199 |
||
| 035 | _aA-698403 | ||
| 037 | _bCen Lib/Ret | ||
| 040 |
_aDPL _bHN |
||
| 082 |
_aउ _bशास्त्रीश |
||
| 100 |
_aशास्त्री, शशिप्रभा _961636 |
||
| 245 |
_aअमलतास / _cशशिप्रभा शास्त्री |
||
| 246 |
_aAmaltaas / _bby Shashiprabha Shastri |
||
| 260 |
_aनई दिल्ली _bवाणी प्रकाशन _c1993 |
||
| 270 |
_a21-ए, दरियागंज _bनई दिल्ली _e110002 |
||
| 300 |
_a170पृ. _c17सेमी (सजिल्द) |
||
| 650 |
_aहिन्दी -- साहित्य _961637 |
||
| 650 |
_aहिन्दी -- उपन्यास _961638 |
||
| 650 |
_aHindi -- Literature _961639 |
||
| 650 |
_aHindi -- Fiction _927248 |
||
| 942 |
_2ddc _cHN _hउ _mशास्त्रीश |
||
| 999 |
_c115486 _d115486 |
||